|
|
|
|
| LEADER |
00000naa2a2200000 4500 |
| 001 |
399426 |
| 005 |
20231101065226.0 |
| 035 |
|
|
|a (RuTPU)RU\TPU\prd\40735
|
| 090 |
|
|
|a 399426
|
| 100 |
|
|
|a 20051229a2005 k y0rusy50 ca
|
| 101 |
0 |
|
|a rus
|
| 102 |
|
|
|a RU
|
| 200 |
1 |
|
|a К расчету оптимальных параметров ПИД регуляторов по экспертным критериям
|f В. Я. Ротач
|
| 225 |
1 |
|
|a АСУ для промышленных предприятий
|
| 320 |
|
|
|a Библиогр.: 4 назв.
|
| 461 |
|
0 |
|0 (RuTPU)RU\TPU\prd\2287
|t Промышленные АСУ и контроллеры
|o ежемесячный научно-технический производственный журнал
|d 2002-
|
| 463 |
|
0 |
|0 (RuTPU)RU\TPU\prd\40324
|t № 11
|v С. 5-9
|d 2005
|
| 610 |
1 |
|
|a промышленные предприятия
|
| 610 |
1 |
|
|a ПИД регуляторы
|
| 610 |
1 |
|
|a настройка
|
| 610 |
1 |
|
|a оптимальные параметры
|
| 610 |
1 |
|
|a расчеты
|
| 610 |
1 |
|
|a экспертные критерии
|
| 610 |
1 |
|
|a запаздывание
|
| 610 |
1 |
|
|a системы управления
|
| 700 |
|
1 |
|a Ротач
|b В. Я.
|
| 801 |
|
1 |
|a RU
|b 63413507
|c 20051229
|g PSBO
|
| 942 |
|
|
|c BK
|